000 01418cam a22003131i 4500
003 SA-RiAUC
005 20250911132253.0
008 250907s2012 su f 00010 ara c
020 _z9603004
040 _aSA-JeALM
_bara
_cSA-RiAUC.
_erda
043 _aa-su---
082 0 4 _a345.53105
_qSA-RiAUC
090 _a345.53105
_bص ب ا
100 1 _aالصبان، غازي بن حسين
_eمؤلف.
245 1 2 _aالقبض والتفتيش في نظام الإجراءات الجزائية السعودي :
_bدراسة مقارنة /
_cغازي بن حسين الصبان.
246 _aالقبض والتفتيش في ضوء نظام الإجراءات الجزائية السعودي
250 _aالطبعة الأولى.
264 1 _aجدة، السعودية :
_bغازي بن حسين الصبان،
_c2012
300 _a213 صفحة ؛
_c24 سم.
336 _aنص
_btxt
_2rdacontent
_3كتاب
337 _aبدون وسيط
_bn
_2rdamedia
338 _aمجلد
_bnc
_2rdacarrier
490 0 _aسلسلة إصدارات مكتب المستشار غازي الصبان
500 _aاهداء من المؤلف غازي الصبان الى الشيخ رحمه الله
650 7 _aقانون الإجراءات الجنائية
_zالسعودية
_2aucsh
650 7 _aالبحث الجنائي
_zالسعودية
_2aucsh
942 _2ddc
_cBOOK
_n0
949 _aSA-JeALM
_d250907
_uosman123
_n1
999 _c11642
_d11642